<?xml version="1.0" encoding="UTF-8"?>
<collection xmlns="http://www.loc.gov/MARC21/slim">
  <record>
    <leader>00000nam  2200000   4500</leader>
    <controlfield tag="001">INLIS000000000810519</controlfield>
    <controlfield tag="005">20260208104719</controlfield>
    <datafield tag="035" ind1="#" ind2="#">
      <subfield code="a">0010-0226000022</subfield>
    </datafield>
    <controlfield tag="007">ta</controlfield>
    <controlfield tag="008">260208###########################0#ara##</controlfield>
    <datafield tag="082" ind1="#" ind2="#">
      <subfield code="a">297.072</subfield>
    </datafield>
    <datafield tag="084" ind1="#" ind2="#">
      <subfield code="a">297.072 IZA d</subfield>
    </datafield>
    <datafield tag="100" ind1=" " ind2="#">
      <subfield code="a">Muhammad I'zaz</subfield>
    </datafield>
    <datafield tag="245" ind1="1" ind2="#">
      <subfield code="a">Dzammu at-taashub lil-ashkhosh /</subfield>
      <subfield code="c">Ziyad Farouk, B.A</subfield>
    </datafield>
    <datafield tag="260" ind1="#" ind2="#">
      <subfield code="b">PIAT 7,</subfield>
      <subfield code="c">2024</subfield>
    </datafield>
    <datafield tag="300" ind1="#" ind2="#">
      <subfield code="a">14 hlm ;</subfield>
      <subfield code="c">21 x 29,7 cm.</subfield>
    </datafield>
  </record>
</collection>
